|
|
|
|
| LEADER |
00000ny a22000003n 4500 |
| 003 |
EbpS |
| 005 |
20110512130926.0 |
| 006 |
m d |||||| |
| 007 |
cr anunnnuuuaa |
| 008 |
870409d19861996at q p 0 0 eng |
| 022 |
|
|
|a 0019-0268
|
| 022 |
|
|
|a 1030-4177
|
| 035 |
|
|
|a 3858
|
| 040 |
|
|
|d vLex
|
| 050 |
0 |
0 |
|a HB1
|b .I6
|
| 050 |
0 |
0 |
|a HB1
|b .I6
|
| 090 |
|
|
|c 1785
|d 1785
|
| 245 |
3 |
0 |
|a IPA review
|h [Recurso electrn̤ico]
|
| 246 |
3 |
3 |
|a Institute of Public Affairs review
|
| 256 |
|
|
|a Servicio en ln̕ea
|
| 260 |
|
|
|a Melbourne :
|b Institute of Public Affairs
|
| 310 |
|
|
|a Quarterly
|
| 500 |
|
|
|a Title from cover
|
| 506 |
1 |
|
|a Contenido solo disponible en los productos indicados
|d vLex Global
|d vLex Global (Academic Edition, excluding Law Schools)
|d vLex Global (U.S. Academic Edition, excluding Law Schools)
|
| 650 |
0 |
4 |
|a Economa̕ polt̕ica
|
| 651 |
|
4 |
|a Australia
|x Condiciones econm̤icas
|x Publicaciones perid̤icas
|
| 710 |
2 |
|
|a Institute of Public Affairs (Australia)
|
| 740 |
0 |
|
|a vLex Revista (Servicios en ln̕ea)
|
| 780 |
0 |
0 |
|t Review (Institute of Public Affairs (Australia))
|x 1030-4169
|w (DLC) 84644743
|w (OCoLC)9773017
|
| 785 |
0 |
0 |
|t Review (Institute of Public Affairs (Australia) : 1997)
|w (DLC)sn 98032836
|w (OCoLC)39781820
|
| 843 |
|
|
|a Electrn̤ica. Abierta
|
| 853 |
|
|
|8 1
|i (year)
|j (month)
|k (day)
|
| 856 |
4 |
0 |
|z Acceso restringido
|u http://vlex.com/account/login_ip?fuente_id=3858
|
| 942 |
|
|
|c REV
|
| 999 |
|
0 |
|a Australia
|y 1945-
|v Periodicals
|
| 999 |
|
0 |
|a Economics
|v Periodicals
|